000 01342cam a2200325 4500
001 ABS65115
008 020306n2002 000 0 eng u
035 _a(Sirsi) u117014
100 _aBerriman, S.
245 _aPublic property - Special report
260 _c2002
490 _aProperty Week
_v67(8) 1 March 2002, 42-48(6)
520 _aReport in three articles. All in the mine reports on how former collieries in accessible locations can be turned into lucrative development land, once they are effectively cleaned up. Swap shop explores the innovative development of land swaps and other joint ventures of the public sector with the private sector. Another day in paradise highlights the consultancies shortlisted by Birmingham City Council for the development of Paradise Circus, part of the UK's biggest public sector contract.
590 _aABS
650 _aCOALFIELDS
650 _aCOLLIERIES
650 _aCONTAMINATED LAND
650 _aJOINT VENTURES
650 _aPUBLIC SECTOR
650 _aPRIVATE SECTOR
650 _aLOCAL GOVERNMENT ACT 1999
650 _aPFI
650 _aPUBLIC PRIVATE PARTNERSHIPS
650 _aPRIVATE FINANCE INITIATIVES
650 _aPUBLIC PRIVATE PARTNERSHIPS
690 _aPROPERTY-PROPERTY DEVELOPMENT
700 _aLawson, D.
700 _aEade, C.
942 _n0
999 _c69704
_d69704